000 00681nam a2200253 i 4500
001 C2-0115306
003 PPAK
005 20180727105117.0
008 970714s1986 nyu |||| ||||| | eng d
020 _a0060424060
040 _aPPAK
_beng
_cPPAK
_erda
082 0 4 _a332.4
_223
090 0 0 _a332.4
_bGOL
_dG
100 1 _aGoldfeld, Stephen M.,
_eauthor
245 1 4 _aThe economics of money and banking
264 1 _aNew York :
_bHarper Collins ,
_c1986
300 _axii, 660 pages ;
_c23 cm
336 _2rdacontent
_atext
337 _2rdamedia
_aunmediated
338 _2rdacarrier
_avolume
650 1 0 _aBanks and banking ; Money
700 _eauthor
942 _ddc
_cB
999 _c29759
_d29759